Digital electronics : a practical approach

Bibliographic Details
Main Author: Timberlake, Kate
Other Authors: Title
Format: Book
Published: New York : Larsen & Keller Education , 2022
Series:Textbook series
Subjects:

MARC

LEADER 00000cam a2200000 7i4500
001 0000089431
005 20230125112008.0
008 220510
020 |a 9781641725277 
041 0 |a English 
090 0 0 |a 621.381   |b TIM 
100 1 |a Timberlake, Kate 
245 1 0 |a Digital electronics :   |b a practical approach   |c Kate Timberlake 
260 |a New York :   |b Larsen & Keller Education ,   |c 2022 
300 |a 236 p. :   |b ill., col. ;   |c 26.5 cm. 
490 0 |a Textbook series 
541 |c Purchased on 2021   |f 2114-21 ARI   |h RM391.05 
650 0 |a Digital electronics 
650 0 |a Electronic systems 
700 0 |a Title 
999 |a 0001681517   |b Book   |c REFERENCE   |e Perbadanan Perpustakaan Awam Johor